000 00477nam a2200181Ia 4500
003 GCL
008 140319s9999 xx 000 0 eng d
040 _aGCL /
_cGCL
082 0 4 _a843
_bC E
100 1 _aCHARDONNE, JACQUES
245 1 0 _aEVA-OU LE JOURNAL INTERROMPU /
_cCHARDONNE, JACQUES
260 _a[S.N] :
_bALBIN MICHEL, S.A ،
_c1984
300 _a150 P
490 _aCOLLECTION FOLIO
_v0
650 0 4 _aLITERATURE
650 0 4 _aFRENCH LITERATURE
942 _2ddc
_cBK
999 _c23461
_d23461